| 000 | 00395 a2200145 4500 | ||
|---|---|---|---|
| 999 |
_c293 _d293 |
||
| 008 | 221102b ||||| |||| 00| 0 eng d | ||
| 020 | _a9781908833846 | ||
| 082 | 0 | 0 |
_a343.096 _bI17 |
| 100 | _aSteel, David | ||
| 245 | _aLegal principles in shipping business / | ||
| 260 |
_aLondon: _bInstitute of Chartered Shipbrokers, _c2016. |
||
| 300 | _ax, 362 p. | ||
| 650 | 0 | _aMaritime Law | |
| 942 |
_2ddc _cBK |
||